[Event "MGL-ch 57th"]
[Site "Dadal"]
[Date "2017.03.23"]
[Round "9"]
[White "Ganerdene, Sugar"]
[Black "Altanbayar, Tserenpeljee"]
[Result "1-0"]
[WhiteElo "2063"]
[BlackElo "1952"]
[PlyCount "47"]
[EventDate "2017.03.17"]
[EventType "tourn"]
[EventRounds "11"]
[EventCountry "MGL"]
[SourceTitle "CBM 177 Extra"]
[Source "ChessBase"]
[SourceDate "2017.04.27"]
[SourceVersion "1"]
[SourceVersionDate "2017.04.27"]
[SourceQuality "1"]

1. e4 c5 2. Nf3 Nc6 3. d4 cxd4 4. Nxd4 Qc7 5. Nc3 e6 6. a3 Nf6 7. Be2 a6 8. 0-0 b5 9. Kh1 b4 10. axb4 Bxb4 11. Nxc6 Qxc6 12. Bf3 Bxc3 13. bxc3 Bb7 14. Qd4 Nxe4 15. Rb1 d5 16. Rb6 Qc7 17. Bxe4 dxe4 18. Qa4+ Kd8 19. Rd1+ Kc8 20. Bf4 Rd8 21. Rxd8+ Qxd8 22. Qc4+ Kd7 23. Rd6+ Ke7 24. Rxd8 1-0

[Event "MGL-ch 57th"]
[Site "Dadal"]
[Date "2017.03.21"]
[Round "7"]
[White "Batchuluun, Tsegmed"]
[Black "Altanbayar, Tserenpeljee"]
[Result "1-0"]
[WhiteElo "2522"]
[BlackElo "1952"]
[PlyCount "57"]
[EventDate "2017.03.17"]
[EventType "tourn"]
[EventRounds "11"]
[EventCountry "MGL"]
[SourceTitle "CBM 177 Extra"]
[Source "ChessBase"]
[SourceDate "2017.04.27"]
[SourceVersion "1"]
[SourceVersionDate "2017.04.27"]
[SourceQuality "1"]

1. d4 Nf6 2. c4 e6 3. g3 d5 4. Nf3 dxc4 5. Bg2 a6 6. 0-0 Nc6 7. Nbd2 Nxd4 8. Nxc4 Nxf3+ 9. Bxf3 Qxd1 10. Rxd1 Nd5 11. e4 Nb6 12. Nxb6 cxb6 13. e5 Bc5 14. Bg5 0-0 15. Rac1 a5 16. a4 f6 17. exf6 h6 18. fxg7 Rxf3 19. Bxh6 Bd7 20. Rxd7 Rf7 21. Rxf7 Kxf7 22. Rc4 e5 23. Rg4 Rg8 24. Rg5 Bd4 25. Rf5+ Kg6 26. Rf8 Kh7 27. Rxg8 Kxg8 28. b3 e4 29. Kf1 1-0